书目信息 |
| 题名: |
纪检监察信访工作教程
|
|
| 作者: | 杨慎 主编 | |
| 分册: | ||
| 出版信息: | 北京 中国方正出版社 1996.01 |
|
| 页数: | 316页 | |
| 开本: | 20cm | |
| 丛书名: | ||
| 单 册: | ||
| 中图分类: | D632.8 | |
| 科图分类: | ||
| 主题词: | 政治--中国 | |
| 电子资源: | ||
| ISBN: | 7-80107-073-9 | |
| 000 | 00536nam0 2200181 450 | |
| 001 | 0653751376 | |
| 005 | 20061017082835.99 | |
| 010 | @a7-80107-073-9@dCNY12.50 | |
| 100 | @a20061016d1996 km y0chiy0120 ea | |
| 101 | 0 | @achi |
| 200 | 1 | @a纪检监察信访工作教程@Aji jian jian cha xin fang gong zuo jiao cheng@f杨慎主编@Fyang shen zhu bian |
| 210 | @a北京@c中国方正出版社@d1996.01 | |
| 215 | @a316页@d20cm | |
| 606 | 0 | @a政治@x中国 |
| 690 | @aD632.8@v4 | |
| 701 | 0 | @a杨慎@Ayang shen@4主编 |
| 801 | 0 | @aCN@bPFT@c20061017 |
| 905 | @aBZT@dD632.8@e1 | |
| 纪检监察信访工作教程/杨慎主编.-北京:中国方正出版社,1996.01 |
| 316页;20cm |
| ISBN 7-80107-073-9:CNY12.50 |
| ● |
| 相关链接 |
|
|
|
正题名:纪检监察信访工作教程
索取号:D632.8/1
 
预约/预借
| 序号 | 登录号 | 条形码 | 馆藏地/架位号 | 状态 | 备注 |
| 1 | 503031 | 230073278 | 中心书库南/011架B面6层2列/ [索取号:D632.8/1] | 在馆 | |
| 2 | 503032 | 230073279 | 中心书库南/011架B面6层2列/ [索取号:D632.8/1] | 在馆 | |
| 3 | 503033 | 230073280 | 中心书库南/011架B面6层2列/ [索取号:D632.8/1] | 在馆 | |
| 4 | 503034 | 230073281 | 中心书库南/011架B面6层2列/ [索取号:D632.8/1] | 在馆 | |
| 5 | 503035 | 230073282 | 中心书库南/011架B面6层2列/ [索取号:D632.8/1] | 在馆 |